000 00444nam a2200157 a 4500
001 000048577
005 20201002061242.0
008 190401s2018 dr a r 000 spa d
020 _a9789945176803
040 _aDO-SdBNP
_bspa
_cBNPHU
082 _axxx
_bH722J
245 0 _aHola, Jesús 6 :
_breligión católica, secundaria.
260 _aSanto Domingo :
_bSM,
_c2018.
300 _a127 p. :
_bil. ;
_c28 cm.
590 _aInventariado, 2019 / DG
999 _c48065
_d48065